000 00552nam a2200193 a 4500
001 11649
003 CO-ViMGA
008 141112s2004 ck r 000 u spa d
040 _aCO-ViMGA
_bspa
_cCO-ViMGA
082 0 4 _a923.4186 R63r
100 1 _aRincón, Fabio
_916251
245 1 0 _aLeyenda y verdad de el mejicano
250 _a1
260 _aBogotá,
_ctalleres de Kingraf,
_c1990
300 _a166 p.
650 1 4 _aRODRIGO GACHA JOSE GONZALO 1947 - 1989
_916252
650 1 4 _aTRAFICO DE DROGAS - NARCOTRAFICO - COLOMBIA
_916253
942 _2ddc
_cBK
999 _c22835
_d22835